死刑を法定刑に定める罪 - Statistics

General Stats
  • This quiz has been taken 364 times
  • The average score is 3 of 19
Answer Stats
条文 罪名 % Correct
刑法 199条 殺人
94%
刑法 240条 強盗致死・強盗殺人
72%
刑法 81条 外患誘致
64%
刑法 108条 現住建造物等放火
11%
刑法 82条 外患援助
5%
決闘罪ニ関スル件 3条 決闘殺人
5%
爆発物取締罰則 1条 爆発物使用
4%
刑法 117条 激発物破裂
3%
刑法 77条 内乱首謀
2%
刑法 119条 現住建造物等侵害
2%
刑法 126条 汽車転覆等致死
2%
刑法 146条 水道毒物等混入致死
2%
刑法 241条 強盗強姦致死
2%
人質による強要行為等の処罰に関する法律 1条 人質による強要行為等の処罰に関する法律 2条 人質による強要行為等の処罰に関する法律 3条 人質殺害
2%
組織的な犯罪の処罰及び犯罪収益の規制等に関する法律 3条 組織的な殺人
2%
海賊行為の処罰及び海賊行為への対処に関する法律 1条 海賊行為の処罰及び海賊行為への対処に関する法律 2条 海賊行為の処罰及び海賊行為への対処に関する法律 3条 海賊行為等致死
2%
刑法 125条刑法 127条 往来危険による汽車転覆等致死
1%
航空の危険を生じさせる行為等の処罰に関する法律 2条 航空機墜落等致死
1%
航空機の強取等の処罰に関する法律 1条 航空機の強取等の処罰に関する法律 2条 航空機強取等致死
1%
No matching quizzes found
Score Distribution
Percent of People with Each Score
Percentile by Number Answered
Your Score History
You have not taken this quiz